Southville International School and Colleges
Your cart is empty.
  • Cart
  • Lists
    Public lists Eva Luna New books Lux_list list_1
    Your lists Log in to create your own lists
  • Log in to your account
  • Your cookies
  • Search history
Southville International School and Colleges
  • Advanced search
  • Recent comments
  • Most popular
  • Libraries

Log in to your account

Log in with GOOGLE


If you do not have an external account, but do have a local account, you can still log in:

  1. Home
  2. MARC view: Fabre, Poet of Science
Normal view MARC view ISBD view

Fabre, Poet of Science (Record no. 232818)

[ view plain ]
MARC details
000 -LEADER
fixed length control field 00838cam a22002773a 4500
001 - CONTROL NUMBER
control field 3489
003 - CONTROL NUMBER IDENTIFIER
control field PGUSA
005 - DATE AND TIME OF LATEST TRANSACTION
control field 20140828083033.0
008 - FIXED-LENGTH DATA ELEMENTS--GENERAL INFORMATION
fixed length control field 021001s2002||||xxu|||||s|||||000 | eng d
040 ## - CATALOGING SOURCE
Original cataloging agency PGUSA
Language of cataloging eng
042 ## - AUTHENTICATION CODE
Authentication code dc
050 #4 - LIBRARY OF CONGRESS CALL NUMBER
Classification number QL
100 1# - MAIN ENTRY--PERSONAL NAME
Personal name Legros, Georges Victor,
Dates associated with a name 1862-
245 10 - TITLE STATEMENT
Title Fabre, Poet of Science
Medium [electronic resource] /
Statement of responsibility, etc Georges Victor Legros
260 ## - PUBLICATION, DISTRIBUTION, ETC. (IMPRINT)
Name of publisher, distributor, etc Project Gutenberg,
Date of publication, distribution, etc 2002
500 ## - GENERAL NOTE
General note Translation of La vie de J. H. Fabre.
506 ## - RESTRICTIONS ON ACCESS NOTE
Terms governing access Public domain in the USA.
516 ## - TYPE OF COMPUTER FILE OR DATA NOTE
Type of computer file or data note Electronic text
653 ## - INDEX TERM--UNCONTROLLED
Uncontrolled term Entomologists -- France -- Biography
653 ## - INDEX TERM--UNCONTROLLED
Uncontrolled term Fabre, Jean-Henri, 1823-1915
700 1# - ADDED ENTRY--PERSONAL NAME
Personal name Miall, Bernard,
Dates associated with a name 1876-
740 0# - ADDED ENTRY--UNCONTROLLED RELATED/ANALYTICAL TITLE
Uncontrolled related/analytical title La vie de J. H. Fabre. English
830 #0 - SERIES ADDED ENTRY--UNIFORM TITLE
Uniform title Project Gutenberg
Volume number/sequential designation 3489
856 40 - ELECTRONIC LOCATION AND ACCESS
Uniform Resource Identifier <a href="http://www.gutenberg.org/ebooks/3489">http://www.gutenberg.org/ebooks/3489</a>
942 ## - ADDED ENTRY ELEMENTS (KOHA)
Koha item type eBooks
Holdings
Withdrawn status Lost status Damaged status Home library Current library Date acquired Total Checkouts Date last seen Price effective from Koha item type
      Project Gutenberg Project Gutenberg 08/28/2014   08/28/2014 08/28/2014 eBooks

Fabre, Poet of Science

APA

Legros G. V., Miall B., . (2002). Fabre, Poet of Science. : Project Gutenberg.

Chicago

Legros Georges Victor, Miall Bernard, . 2002. Fabre, Poet of Science. : Project Gutenberg.

Harvard

Legros G. V., Miall B., . (2002). Fabre, Poet of Science. : Project Gutenberg.

MLA

Legros Georges Victor, Miall Bernard, . Fabre, Poet of Science. : Project Gutenberg. 2002.

  • Place hold
  • Print
  • Cite
  • Add to your cart (remove)
  • Save record
    BIBTEX Dublin Core MARCXML MARC (non-Unicode/MARC-8) MARC (Unicode/UTF-8) MARC (Unicode/UTF-8, Standard) MODS (XML) RIS
  • More searches
    Search for this title in:
    Other Libraries (WorldCat) Other Databases (Google Scholar) Online Stores (Bookfinder.com) Open Library (openlibrary.org)

Exporting to Dublin Core...

SOUTHVILLE LIBRARY

Southville International School and Colleges Library

1281 Tropical Ave. Cor. Luxembourg St., BF Homes International, Las Pinas City

Tel. No. 8256374 / 252358 Loc. 117/146

Powered by Koha